000 01814cam a22005294i 4500
003 PE-LiUPU
005 20250731165635.0
008 150616s r 000 0 d
020 _a0804231117
035 _a(Sirsi) i9780804231114
040 _aPE-LiUPU
_bspa
_cPE-LiUPU
_erda
049 _aPRUA
082 0 4 _a221.077
_b15,16/I
_221
100 1 _aThrontveit, Mark A.,
_eautor.
245 1 0 _aEzra-Nehemiah /
_cMark A. Throntveit.
264 1 _aLouisville :
_bJohn Knox Press,
_c1991.
300 _a129 páginas ;
_c22 centímetros
336 _atext
_2rdacontent
337 _aunmediated
_2rdamedia
338 _avolume
_2rdacarrier
490 0 _aInterpretat. A Bible Commentary for Teaching and Preaching
505 0 _acomentarios de los libros de Esdras y Nehemías.
526 _aSEG44
526 _aSEG26
526 _aP151
526 _aP150
526 _aP149
526 _aP146
526 _aP145
526 _aP126
526 _aP125
526 _aP92
526 _aP75
526 _aP74
526 _aP27
526 _aP15
630 _aBiblia.
_pA.T.
_pEsdras
_xComentarios.
630 _aBiblia.
_pA.T.
_pNehemías
_xComentarios.
650 0 4 _a
910 _ajck
_bjvq
_cjck
942 _2ddc
_cBOOK
949 _aRC 221.077 15,16/I
_wDEWEY
_c1
_i40044
_lCCODEBUL1
_mBUL
_r0
_sY
_tBOOK
_u2015-6-16
_xTEOLOGIA
_zUNKNOWN
_0COMPRA
_o.CIRCNOTE. No olvidar cambiar la fecha de devolución!!!!!!!
_o.STAFF. Colección General
994 _aC0
_bPEPRU
596 _a1
999 _aRC 221.077 15,16/I
_wDEWEY
_c57825
_i40044
_f2021-11-8
_g6
_lCCODEBUL1
_mBUL
_r1
_sY
_tBOOK
_u2015-6-16
_xTEOLOGIA
_zUNKNOWN
_0COMPRA
_o.CIRCNOTE. No olvidar cambiar la fecha de devolución!!!!!!!
_o.STAFF. Colección General
_d57825
980 _81
_gALBERTO SANCHEZ Responsable de Automatización